000 00731nam a2200193Ii 4500
003 JO-AjNU
008 230605s9999||||xx |||||||||||||| ||und||
040 _aJO-AjNU
_bara
_erda
_cJO-AjNU
041 _aara
050 1 4 _aPN2920.J6.S4 2002
100 3 _aشما، عبد اللطيف,
_eauthor
_923244
245 0 0 _aفي الجهود المسرحية: خلال16ربيعا من عمر المسرح الأردني من 1980-1995
264 3 1 _aعمان:نقابة الفنانين الأردنيين 2002
300 _a304ص
_bيحتوي على صور
336 _atext
_btxt
_2rdacontent
337 _aunmediated
_bn
_2rdamedia
338 _avolume
_bnc
_2rdacarrier
650 4 _aالمسرح - المسرح الأردني
_923245
999 _aA8378
_c11946
_d11946